Flower and vegetable plant breeding
Đã lưu trong:
| Hovedforfatter: | |
|---|---|
| Format: | Bog |
| Sprog: | Undetermined |
| Udgivet: |
London
Grower Books
|
| Fag: | |
| Tags: |
Tilføj Tag
Ingen Tags, Vær først til at tagge denne postø!
|
| Thư viện lưu trữ: | Trung tâm Học liệu Trường Đại học Cần Thơ |
|---|
| LEADER | 00452nam a2200169Ia 4500 | ||
|---|---|---|---|
| 001 | CTU_29981 | ||
| 008 | 210402s9999 xx 000 0 und d | ||
| 082 | |a 581.15 | ||
| 082 | |b W348 | ||
| 100 | |a Leslie Watts | ||
| 245 | 0 | |a Flower and vegetable plant breeding | |
| 245 | 0 | |c Leslie Watts | |
| 260 | |a London | ||
| 260 | |b Grower Books | ||
| 650 | |a plant breeding | ||
| 904 | |i Liên, 990121 | ||
| 980 | |a Trung tâm Học liệu Trường Đại học Cần Thơ | ||